Eastern Utah Libraries Catalog: Duchesne, Heber, Roosevelt, & Vernal

Crispin (Record no. 273383)

MARC details
000 -LEADER
fixed length control field 02408nim a2200625La 4500
001 - CONTROL NUMBER
control field ocn648093613
003 - CONTROL NUMBER IDENTIFIER
control field OCoLC
005 - DATE AND TIME OF LATEST TRANSACTION
control field 20200320184438.0
007 - PHYSICAL DESCRIPTION FIXED FIELD--GENERAL INFORMATION
fixed length control field sd fungnnmmned
008 - FIXED-LENGTH DATA ELEMENTS--GENERAL INFORMATION
fixed length control field 100412s2010 mdunnnnc f n eng d
020 ## - INTERNATIONAL STANDARD BOOK NUMBER
International Standard Book Number 9781449829940
020 ## - INTERNATIONAL STANDARD BOOK NUMBER
International Standard Book Number 1449829945
028 01 - PUBLISHER NUMBER
Publisher number C5636
Source Recorded Books
029 0# - (OCLC)
OCLC library identifier RECBX
System control number rbc00005636
035 ## - SYSTEM CONTROL NUMBER
System control number (OCoLC)648093613
040 ## - CATALOGING SOURCE
Original cataloging agency RECBX
Transcribing agency RECBX
Modifying agency WACOL
043 ## - GEOGRAPHIC AREA CODE
Geographic area code e-uk---
049 ## - LOCAL HOLDINGS (OCLC)
Holding library WACL
050 14 - LIBRARY OF CONGRESS CALL NUMBER
Classification number PZ7.A953
Item number Cs 2010c
082 04 - DEWEY DECIMAL CLASSIFICATION NUMBER
Classification number [Fic]
Edition number 22
092 ## - LOCALLY ASSIGNED DEWEY CALL NUMBER (OCLC)
Classification number cd
Item number Avi
100 0# - MAIN ENTRY--PERSONAL NAME
Personal name Avi,
Dates associated with a name 1937-
9 (RLIN) 5859294
245 10 - TITLE STATEMENT
Title Crispin
Medium [sound recording] :
Remainder of title the end of time /
Statement of responsibility, etc Avi.
246 30 - VARYING FORM OF TITLE
Title proper/short title End of time
250 ## - EDITION STATEMENT
Edition statement Unabridged.
260 ## - PUBLICATION, DISTRIBUTION, ETC. (IMPRINT)
Place of publication, distribution, etc Prince Frederick, MD :
Name of publisher, distributor, etc Recorded Books,
Date of publication, distribution, etc p2010.
300 ## - PHYSICAL DESCRIPTION
Extent 5 sound discs (6 hr.) :
Other physical details digital ;
Dimensions 4 3/4 in.
500 ## - GENERAL NOTE
General note Compact disc.
500 ## - GENERAL NOTE
General note Title from container.
511 0# - PARTICIPANT OR PERFORMER NOTE
Participant or performer note Narated by Ron Keith.
500 ## - GENERAL NOTE
General note In container (17 cm.)
500 ## - GENERAL NOTE
General note "With tracks every 3-6 minutes for easy book marking"--Container.
500 ## - GENERAL NOTE
General note Sequel to: Crispin, at the edge of the world.
521 1# - TARGET AUDIENCE NOTE
Target audience note 10 years and up.
530 ## - ADDITIONAL PHYSICAL FORM AVAILABLE NOTE
Additional physical form available note Issued also on cassette.
530 ## - ADDITIONAL PHYSICAL FORM AVAILABLE NOTE
Additional physical form available note Issued also as Recorded Books Unabridged Fiction on compact disc with book.
520 ## - SUMMARY, ETC.
Summary, etc As Crispin tries to fulfill Bear's dream of moving to Iceland, he must leave Troth behind at a convent that needs a healer but, after falling in with thieves posing as musicians, he makes a new friend, Owen, and together they continue the arduous journey.
521 ## - TARGET AUDIENCE NOTE
Target audience note junior cd
Source recorded books
650 #1 - SUBJECT ADDED ENTRY--TOPICAL TERM
Topical term or geographic name as entry element Voyages and travels
Form subdivision Fiction.
9 (RLIN) 5859295
650 #1 - SUBJECT ADDED ENTRY--TOPICAL TERM
Topical term or geographic name as entry element Orphans
Form subdivision Fiction.
9 (RLIN) 5673861
650 #1 - SUBJECT ADDED ENTRY--TOPICAL TERM
Topical term or geographic name as entry element Healers
Form subdivision Fiction.
9 (RLIN) 5681206
650 #1 - SUBJECT ADDED ENTRY--TOPICAL TERM
Topical term or geographic name as entry element Convents
Form subdivision Fiction.
9 (RLIN) 5859296
650 #1 - SUBJECT ADDED ENTRY--TOPICAL TERM
Topical term or geographic name as entry element Robbers and outlaws
Form subdivision Fiction.
9 (RLIN) 5705816
650 #1 - SUBJECT ADDED ENTRY--TOPICAL TERM
Topical term or geographic name as entry element Middle Ages
Form subdivision Fiction.
9 (RLIN) 5675583
651 #1 - SUBJECT ADDED ENTRY--GEOGRAPHIC NAME
Geographic name France
General subdivision History
Chronological subdivision House of Valois, 1328-1589
Form subdivision Fiction.
9 (RLIN) 5695126
655 #0 - INDEX TERM--GENRE/FORM
Genre/form data or focus term Children's audiobooks.
9 (RLIN) 5675081
655 #0 - INDEX TERM--GENRE/FORM
Genre/form data or focus term Audiobooks.
9 (RLIN) 5859297
700 1# - ADDED ENTRY--PERSONAL NAME
Personal name Keith, Ron.
Relator code nrt
9 (RLIN) 37815
710 2# - ADDED ENTRY--CORPORATE NAME
Corporate name or jurisdiction name as entry element Recorded Books, LLC.
9 (RLIN) 5674251
938 ## -
-- Recorded Books
-- RECB
-- rbc00005636
942 ## - ADDED ENTRY ELEMENTS (KOHA)
Koha item type CD
948 ## - LOCAL PROCESSING INFORMATION (OCLC); SERIES PART DESIGNATOR (RLIN)
Series part designator, SPT (RLIN) 08/14/2010
z (OCLC) Sirsi
994 ## -
-- 02
-- WACOL
996 ## -
-- 79163
-- 34301000902942
-- JCD
-- CD
-- wcl
-- i
-- 12
-- 51.75
-- .CIRCNOTE. 5 discs
-- recorded books
-- Avi
-- 08/23/2010
-- 02/22/2019
-- 01/17/2019
Holdings
Withdrawn status Lost status Source of classification or shelving scheme Materials specified (bound volume or other part) Damaged status Not for loan Collection code Home library Current library Shelving location Date acquired Source of acquisition Cost, normal purchase price Total Checkouts Total Renewals Full call number Barcode Date last seen Date checked out Cost, replacement price Price effective from Koha item type
    Dewey Decimal Classification .CIRCNOTE. 5 discs     Junior Audiobooks Wasatch County Library Wasatch County Library Main Floor Junior Area 08/23/2010   51.75 15 4 J CD Avi 34301000902942 12/11/2025 11/06/2025 51.75 03/20/2020 Audiobook on CD
This project was made possible through a grant from the Institute of Museum and Library Service administered by the Utah State Library Division.

Wasatch County Library

  • 465 East 1200 South, Heber City, Utah 84032
  • Phone 435-654-1511 | Fax 435-654-6456

Hours

  • Monday - Friday 9:30 AM - 8:00 PM
  • Saturday 9:30 AM - 1:30 PM
  • Closed Sundays and Holidays